Normal view
MARC view
Entry Personal Name
001 - CONTROL NUMBER
- control field: 168177
003 - CONTROL NUMBER IDENTIFIER
- control field: OSt
005 - DATE AND TIME OF LATEST TRANSACTION
- control field: 20220923224632.0
008 - FIXED-LENGTH DATA ELEMENTS
- fixed length control field: 220923|| aca||aabn | a|a d
040 ## - CATALOGING SOURCE
- Original cataloging agency: OSt
- Transcribing agency: OSt
100 ## - HEADING--PERSONAL NAME
- Personal name: पालीवाल, कृष्णदत्त; पालीवाल, रीतारानी
670 ## - SOURCE DATA FOUND
- Source citation: Work cat.: (OSt)372679: पालीवाल, कृष्णदत्त; पालीवाल, रीतारानी, यूनानी और रोमी काव्यशास्त्र, 1977
